<?xml version="1.0" encoding="UTF-8"?>
<marc:record xmlns:marc="http://www.loc.gov/MARC21/slim">
   <marc:leader>00000nam a2200000 a 4500</marc:leader>
   <marc:datafield ind1=" " ind2=" " tag="653">
      <marc:subfield code="a">Kinderlieder</marc:subfield>
   </marc:datafield>
   <marc:datafield ind1=" " ind2=" " tag="653">
      <marc:subfield code="a">Spiellieder</marc:subfield>
   </marc:datafield>
   <marc:datafield ind1=" " ind2=" " tag="653">
      <marc:subfield code="a">Musik</marc:subfield>
   </marc:datafield>
   <marc:datafield ind1=" " ind2=" " tag="653">
      <marc:subfield code="a">Bewegungslieder</marc:subfield>
   </marc:datafield>
   <marc:datafield ind1=" " ind2=" " tag="653">
      <marc:subfield code="a">Bewegung</marc:subfield>
   </marc:datafield>
   <marc:datafield ind1=" " ind2=" " tag="653">
      <marc:subfield code="a">Musik Tonie</marc:subfield>
   </marc:datafield>
   <marc:datafield ind1="0" ind2="0" tag="245">
      <marc:subfield code="a">Spiel- und Bewegungslieder 2</marc:subfield>
   </marc:datafield>
   <marc:datafield ind1=" " ind2="1" tag="264">
      <marc:subfield code="a">Düsseldorf</marc:subfield>
      <marc:subfield code="b">Boxine GmbH</marc:subfield>
      <marc:subfield code="c">2023</marc:subfield>
   </marc:datafield>
   <marc:datafield ind1="1" ind2=" " tag="490">
      <marc:subfield code="a">Lieblingskinderlieder</marc:subfield>
   </marc:datafield>
   <marc:datafield ind1="1" ind2=" " tag="520">
      <marc:subfield code="a">Die 2. Auflage der beliebtesten Kinderlieder zum Spielen und Bewegen&#xD;
Wenn dieser Tonie auf der Toniebox steht, bleibt kein Kind sitzen! Tolle Lieder wie “Ein großer, ein runder, ein roter Luftballon” oder “Kleine Schnecke” animieren nicht nur zum Mitsingen, sondern auch zum bewegen und tanzen. Der perfekte Tonie, um ein bisschen Schwung ins Kinderzimmer zu bringen!&#xD;
&#xD;
&#xD;
Titelliste:&#xD;
01 - 01 Wir spielen und fangen lustig an&#xD;
02 - 02 Ich bin ein dicker Tanzbär&#xD;
03 - 03 Wenn ich morgens früh aufstehe (Das Schornsteinfegerlied)&#xD;
04 - 04 Ein großer runder Luftballon&#xD;
05 - 05 Hoch am Himmel&#xD;
06 - 06 Kleine Schnecke&#xD;
07 - 07 Schmetterling, du kleines Ding&#xD;
08 - 08 Wir Fröschlein&#xD;
09 - 09 Seht die große Riesenschlange&#xD;
10 - 10 Ich bin ein kleiner Esel&#xD;
11 - 11 Muss wandern&#xD;
12 - 12 Es klappert die Mühle am rauschenden Bach&#xD;
13 - 13 Ich bin ein Musikante&#xD;
14 - 14 Dornröschen war ein schönes Kind&#xD;
15 - 15 Das Taubenhaus&#xD;
16 - 16 Taler, Taler, du musst wandern&#xD;
17 - 17 Das Bewegungslied&#xD;
18 - 18 Wo ist der Daumen&#xD;
19 - 19 Was machen wir so gerne hier im Kreis&#xD;
20 - 20 Das Tickitackitucki-Häuschen&#xD;
21 - 21 Und wer im Januar geboren ist&#xD;
22 - 22 Outro</marc:subfield>
   </marc:datafield>
   <marc:datafield ind1="3" ind2=" " tag="024">
      <marc:subfield code="a">4251192128102</marc:subfield>
   </marc:datafield>
   <marc:datafield ind1=" " ind2=" " tag="338">
      <marc:subfield code="a">Gegenstand</marc:subfield>
   </marc:datafield>
   <marc:datafield ind1=" " ind2=" " tag="300">
      <marc:subfield code="a">1 Hörfigur + 1 Beiheft (49 Minuten)</marc:subfield>
   </marc:datafield>
</marc:record>
